000 00376nam a2200145Ia 4500
008 240806s9999||||xx |||||||||||||| ||und||
020 _a978-0-00-613187-5
040 _aKenya National Library Service
082 _a823 CHR
100 _aChristie, Agatha
245 0 _aBody in the library
650 _aFiction
942 _cBK
999 _c273226
_d273226